Nueva Clave de la Filosofía

Gespeichert in:
Bibliographische Detailangaben
1. Verfasser: Langer, Susan K.
Format: Buch
Sprache:Undetermined
Veröffentlicht: Buenos Aires, Argentina Sur 1958
Schlagworte:
Tags: Tag hinzufügen
Keine Tags, Fügen Sie den ersten Tag hinzu!

MARC

LEADER 00000nam a2200000Ia 4500
008 170316s9999 xx 000 0 und d
090 |a 100 L-14n 
100 |a Langer, Susan K. 
245 |a Nueva Clave de la Filosofía 
260 |a Buenos Aires, Argentina 
260 |b Sur 
260 |c 1958 
300 |a 334 páginas 
650 |a FILOSOFÍA 
999 |c 16716  |d 16716 
040 |a cru BVZT 
942 |c 15 D  |h 100 L-14n  |2 z